| 000 | 00720nam a2200133Ia 4500 | ||
|---|---|---|---|
| 008 | 171212s9999 xx 000 0 und d | ||
| 020 | _a9780833035349 | ||
| 100 | _aRabasa, Angel;Waxman, Matthew;Larson, Eric V.;Marcum, Cheryl Y. | ||
| 245 |
_cRabasa, Angel;Waxman, Matthew;Larson, Eric V.;Marcum, Cheryl Y. _aThe Muslim World After 9/11 |
||
| 260 |
_bRAND Corporation _c2004 |
||
| 650 | _aIslamic countries -- Relations -- United States; United States -- Relations -- Islamic countries; September 11 Terrorist Attacks, 2001 -- Influence; Islam and politics -- Islamic countries; Islamic fundamentalism; National security -- United States | ||
| 650 | _aPolitical Science | ||
| 856 | _uwww.jstor.org/stable/10.7249/mg246af | ||
| 999 |
_c352695 _d352695 |
||